National Geographic Index 1888-1988 (Record no. 9976)

MARC details
000 -LEADER
fixed length control field 00567nam a2200181Ia 4500
003 - CONTROL NUMBER IDENTIFIER
control field IN-BaIIA
008 - FIXED-LENGTH DATA ELEMENTS--GENERAL INFORMATION
fixed length control field 211028s9999 xx 000 0 eng d
020 ## - INTERNATIONAL STANDARD BOOK NUMBER
International Standard Book Number 0-87044-764-5
040 ## - CATALOGING SOURCE
Transcribing agency IIA Library
080 ## - UNIVERSAL DECIMAL CLASSIFICATION NUMBER
Universal Decimal Classification number 83.86
Item number GAR
100 ## - MAIN ENTRY--PERSONAL NAME
Personal name Garrett, W. E.
9 (RLIN) 16936
245 #0 - TITLE STATEMENT
Title National Geographic Index 1888-1988
Statement of responsibility, etc. W. E. Garrett
260 ## - PUBLICATION, DISTRIBUTION, ETC.
Place of publication, distribution, etc. Washington
Name of publisher, distributor, etc. National Aeronautics and Space Administration
Date of publication, distribution, etc. 1989
300 ## - PHYSICAL DESCRIPTION
Extent 1215p.
650 ## - SUBJECT ADDED ENTRY--TOPICAL TERM
Topical term or geographic name entry element NASA Thesaurus
650 ## - SUBJECT ADDED ENTRY--TOPICAL TERM
Topical term or geographic name entry element National Geographic Index
9 (RLIN) 16937
942 ## - ADDED ENTRY ELEMENTS (KOHA)
Koha item type Books
Holdings
Withdrawn status Lost status Damaged status Not for loan Home library Current library Shelving location Date acquired Cost, normal purchase price Total Checkouts Full call number Barcode Date last seen Cost, replacement price Price effective from Koha item type Purchase Price
        IIA Library-Bangalore IIA Library-Bangalore General Stacks   825.00   083.86/ GAR 10886 05/11/2021 825.00   Books Rs. 825

Powered by Koha